Prepoznaj jazz glazbenika - Statistics

General Stats
  • This quiz has been taken 17 times
  • The average score is 3 of 10
Answer Stats
Picture Answer % Correct
Louis Armstrong
94%
Ella Fitzgerald
44%
Miles Davis
38%
Boško Petrović
31%
Billie Holiday
25%
John Coltrane
25%
Herbie Hancock
13%
Bessie Smith
6%
Charlie Parker
6%
Dizzy Gillespie
6%
No matching quizzes found
Score Distribution
Percent of People with Each Score
Percentile by Number Answered
Your Score History
You have not taken this quiz